01104nam a2200289 a 450000100060000000300080000600500170001400800410003102000250007202000240009703500190012104000260014004100080016608200250017410000510019924500690025026000410031930000240036049000600038450400490044465000330049365000290052683000680055594200120062399900170063595201620065270052BD-RjUL20211209081947.0170415s1985 nyu b b 001 0 eng d a0387960945 (NewYork) a3540960945 (Berlin) a(BD-RjUL)70264 aBD-RjULbengcBD-RjUL aeng 223a512.72bELA 19851 aElliott, P. D. T. A.q(Peter D. T. A.)920746610aArithmetic functions and integer products /cP. D. T. A. Elliott aNew York :bSpringer-Verlag,cc1985. axv, 461 p. ;c24 cm1 aGrundlehren der mathematischen Wissenschaften ;vno.272 aIncludes bibliography and index: p.[449]-457 0aArithmetic functions9207467 0aNumbers, Natural9201961 0aGrundlehren der mathematischen Wissenschaften ;vno.2729207469 2ddccBK c70052d70052 00102ddc40718NFICaRUCLbRUCLcReadingd2009-03-05eDhaka, Paragon Enterprises Ltd.g174.95l0o512.72 ELA 1985r2017-04-15 00:00:00tC-1w2017-04-15yBK